[Event "PCA-Wch Candidates final"]
[Site "Las Palmas"]
[Date "1995.??.??"]
[Round "5"]
[White "Anand, Viswanathan"]
[Black "Kamsky, Gata"]
[Result "1/2-1/2"]
[WhiteElo "2715"]
[BlackElo "2710"]
[Annotator "Anand,V"]
[PlyCount "52"]
[EventDate "1995.03.??"]
[EventType "match"]
[EventRounds "11"]
[EventCountry "ESP"]
[SourceTitle "CBM 046"]
[Source "ChessBase"]
[SourceDate "1995.06.01"]
[SourceVersion "1"]
[SourceVersionDate "1995.06.01"]
[SourceQuality "1"]

1. e4 {Ftacnik} e5 2. Nf3 Nc6 3. Bb5 a6 4. Ba4 Nf6 5. O-O Be7 6. Re1 b5 7. Bb3
d6 8. c3 O-O 9. h3 Bb7 10. d4 Re8 11. Nbd2 Bf8 12. a4 h6 13. Bc2 exd4 14. cxd4
Nb4 15. Bb1 c5 16. d5 Nd7 17. Ra3 c4 18. Nd4 Qf6 19. N2f3 Nd3 (19... Nc5 {
Ftacnik} 20. axb5 axb5 21. Nxb5 (21. Ree3 Rxa3 22. bxa3 Nbd3 23. Nxb5 (23. Bxd3
cxd3 24. Qe1 $13 {De Firmian,N-Timoshchenko,G/Moscow GMA-qual f/1990/1-0 (53)})
23... Rxe4 {De Firmian,N-Ivanov,AV/USA-ch (06) /1994/0.5 (24)}) 21... Rxa3 22.
Nxa3 (22. bxa3 Nbd3 23. Re2 Rb8 24. Be3 $13 {Brouwer,D-Zjukin,S/EU chJ Sas van
Gent/1992/0-1 (42)}) 22... Ba6 23. Re3 Rb8 24. Rc3 (24. e5 dxe5 25. Nxe5 Nbd3 (
25... Ncd3 26. Ng4 Qd4 27. Nc2 Nxc2 28. Bxc2 Bd6 $1 29. b3 Qa1 30. bxc4 Bxc4
$44 {Dvoirys,S-Timoshchenko,G/URS/1988/0.5 (37)}) 26. Ng4 Qb6 27. Rg3 g6 28.
Bxh6 Qxb2 29. Qf3 $40 {Kasparov,G-Karpov,An/London Leningrad (m/16)/1986/1-0 
(41)}) 24... Nbd3 25. Bxd3 cxd3 26. Be3 $13 {Anand,V-Timoshchenko,G/Frunze/
1987/0-1 (69)}) 20. Bxd3 (20. Rxd3 $5 cxd3 21. axb5) 20... b4 21. Bxc4 (21. Ra1
cxd3 22. Qxd3 (22. Nb3 Qg6 $1 23. Qxd3 Nf6 24. Nh4 (24. Nbd2 Bxd5) 24... Qh7)
22... Nc5 23. Qc4 (23. Qb1 Bxd5 $1) (23. Qc2 {Ftacnik} Bxd5 $1) 23... a5 $1 24.
Nb5 Rac8 $1) 21... bxa3 22. b3 (22. b4 $6 Ne5 $1 23. Bb3 Nxf3+ 24. Nxf3 Qa1 $1)
22... Nc5 {~/= Kasparov} (22... a2 23. Bb2 (23. Bb2 {Ftacnik} Nc5 24. Qc2 $44))
(22... Nb6 {Ftacnik} 23. Bd3 a2 24. Bb2 $44) 23. Qc2 Qg6 (23... Rac8 {Ftacnik}
24. Bxa3 $36) 24. Nh4 (24. Nd2 $6 a2 25. Bb2 Rac8) 24... Qf6 (24... Qh5 {
Ftacnik} 25. Nhf5) 25. Nhf3 Qg6 26. Nh4 Qf6 1/2-1/2

[Event "PCA-Wch Candidates final"]
[Site "Las Palmas"]
[Date "1995.??.??"]
[Round "7"]
[White "Anand, Viswanathan"]
[Black "Kamsky, Gata"]
[Result "1/2-1/2"]
[WhiteElo "2715"]
[BlackElo "2710"]
[Annotator "Anand,V"]
[PlyCount "85"]
[EventDate "1995.03.??"]
[EventType "match"]
[EventRounds "11"]
[EventCountry "ESP"]
[SourceTitle "CBM 046"]
[Source "ChessBase"]
[SourceDate "1995.06.01"]
[SourceVersion "1"]
[SourceVersionDate "1995.06.01"]
[SourceQuality "1"]

1. e4 {Ftacnik Kasparov Fritz3} e5 2. Nf3 Nc6 3. Bb5 a6 4. Ba4 Nf6 5. O-O Be7
6. Re1 b5 7. Bb3 d6 8. c3 O-O 9. h3 Bb7 10. d4 Re8 11. Nbd2 Bf8 12. a4 h6 13.
Bc2 exd4 14. cxd4 Nb4 15. Bb1 c5 16. d5 Nd7 17. Ra3 c4 18. axb5 (18. Nd4 {
Ftacnik} Ne5 19. axb5 Qb6 20. Nxc4 Nxc4 21. Rg3 Bc8 22. b3 $40 {Sokolov,
A-Portisch,L/Brussels/1988/1-0 (42)}) 18... axb5 19. Nd4 Ne5 $5 (19... Qb6 {
Ftacnik} 20. Nf5 Ne5 $1 (20... g6 $1 21. Nf1 $1 (21. Rg3 Kh7 22. Nf3 Nd3 23.
Bxd3 cxd3 24. Qxd3 Nc5 25. Qd4 Qc7 26. e5 dxe5 27. Qh4 h5 28. Ng5+ {Zontakh,
A-Nestorovic,D/Belgrade Beopromet (03)/1993/1-0 (33)}) 21... Kh7 $2 22. Qd2 $1
$16 Rxa3 23. bxa3 Nd3 24. Bxd3 cxd3 25. Nxh6 Bxd5 $1 $8 26. Qf4 $5 Bg7 27. Be3
Qa5 28. Bd2 $13 {Efimov,O-Feigelson,I/USSR/1988/0.5 (63)}) 21. Rg3 g6 22. Nf3
Ned3 23. Be3 Qd8 $1 24. Bxh6 Qf6 $1 25. Bxf8 Kxf8 $17 {Yang Xian-Lin Ta/China/
1988/}) (19... Rxa3 {Ftacnik} 20. bxa3 Nd3 21. Bxd3 cxd3 22. Re3 (22. Bb2 Qa5
23. Nf5 Ne5 24. Bxe5 dxe5 25. Nb3 Qb6 26. Qxd3 Ra8 27. Rc1 g6 28. Ne3 $16 {
Kasparov,G-Karpov,An/London/Leningrad (m/14)/1986/1-0 (41)}) 22... Ne5 (22...
Nc5 23. Bb2 g6 (23... Qa5 24. Rg3 Bc8 25. Nc6 Qa4 26. Qa1 $40 {Van der Wiel,
J-Gligoric,S/Palma de Mallorca GMA/1989/1-0 (45)}) 24. N4b3 Na4 25. Bd4 Ba6 26.
Rxd3 b4 27. Re3 bxa3 28. Qa1 $16 {Chandler,M-Mannion,S/Barnsdale YM/1989/1-0 
(40)}) 23. N4f3 $1 (23. Nxb5 Qa5 24. Nd4 Qc3 25. N2b3 Ba6 26. Bd2 Qb2 27. Bb4
g6 28. f4 $13 {Sax,Gy-Short,N/Saint John (m/2)/1988/}) (23. Qb3 Ba6 24. N4f3
Qc7 25. Bb2 b4 26. axb4 Nxf3+ 27. Nxf3 Qc4 28. Qxc4 $13 {Huebner,R-Short,N/
Belfort/1988/}) 23... f5 (23... Nc4 24. Rxd3 Qd7 $6 25. Nxc4 $1 bxc4 26. Re3
$16 {Ivanchuk,V-Kruppa,Y/Frunze/1988/1-0 (34)}) 24. Nxe5 Rxe5 25. Bb2 Re7 $8
26. exf5 $1 (26. Qb3 fxe4 $1 27. Rxe4 Rxe4 28. Nxe4 {Glek,I-Kuzmin,A/
Blagoveshensk/1988/0.5 (34)}) 26... Rxe3 27. fxe3 Bxd5 28. Qg4 $40 {Glek,
I-Kharlamov,V/corr/1988/1-0 (46)}) 20. Rxa8 $1 (20. Nxb5 Ba6 $1 (20... Qb6 {
Ftacnik})) 20... Qxa8 (20... Bxa8 {Ftacnik} 21. Nxb5 Qb6 22. Na3 $16) 21. Nxb5
Qa5 22. Na3 Ba6 (22... Nbd3 23. Naxc4 Nxc4 (23... Qa1 24. Bxd3 Nxd3 25. Rf1 Ba6
26. Qc2 $16) 24. Bxd3 $16) (22... Ned3 $2 23. Ndxc4 $18) 23. Re3 (23. f4 Ned3
24. Ndxc4 Bxc4 (24... Qc5+ $2 25. Be3 $18) 25. Nxc4 Qc5+ 26. Re3 Qxc4 27. Bxd3
Nxd3 28. Rxd3 Rxe4 $44) 23... Qc5 (23... Ned3 $2 24. Ndxc4 Bxc4 25. Nxc4 Qa1
26. Bxd3 $18) (23... Nbd3 $2 24. Naxc4 Bxc4 25. Nxc4 Nxc4 (25... Nxf2 {Ftacnik}
26. Nxa5 Nxd1 27. Re1 $18) 26. Rxd3 Rxe4 27. Rc3 Re5 28. Qc2 $18) (23... Be7 $5
) 24. Rc3 (24. Qa4 Rc8) 24... Ned3 (24... Qd4 25. Qa4 Rb8 26. Ndxc4 Nxc4 27.
Nxc4 Bxc4 28. Be3 Bb5 29. Qb3 $18) 25. Bxd3 (25. Qf3 Nxd5 26. exd5 Re1+ 27. Kh2
Nxc1 (27... Rxc1 28. Rxc1 Nxc1 29. Naxc4 Bxc4 30. Qe4 g6 31. Qxc4) 28. Naxc4
Ne2) 25... Nxd3 26. Qf3 (26. Qe2 {Ftacnik} Qxd5 $1 27. Naxc4 Nxc1 28. Rxc1 Qb7
$44) 26... Ne5 27. Qe2 Rc8 (27... f5 28. exf5 Qxd5 (28... Nd3 29. Qxe8 Qxf2+
30. Kh2 $16) 29. Ndxc4 {/\Ne3}) 28. Nb3 (28. Nf3 $5 Nd3 29. Qc2 $5 g6 30. Be3)
(28. b3 {Ftacnik} Qd4 29. Bb2 Nd3 30. Nf3 Qb6 31. Ba1 Nf4 32. Qd2 cxb3 33. Rxc8
Bxc8 34. Qxf4 b2 35. Bxb2 Qxb2 36. Nc4 Qb4 $14) 28... Qb4 (28... Qb6 {Ftacnik}
29. Be3) 29. Nd4 g6 30. Nac2 (30. Be3 {Ftacnik} Nd3 31. Nc6) 30... Qb7 31. Be3
$1 Bg7 (31... Qxb2 {Ftacnik} 32. Ra3 Bb7 33. Ra7 $14 (33. Ra5 Rc5 $1 34. Rxc5
dxc5 35. Ne1 Qb1 36. Ndc2 Nd3 37. f3 Bg7 $132)) 32. Qd1 (32. Ra3 $2 c3 33. Qxa6
Qxa6 34. Rxa6 cxb2 35. Rb6 Nc4 36. Rb7 Nxe3 37. fxe3 Bxd4 38. exd4 Rxc2 39. Kh2
Rd2 40. e5 $10) (32. Na3 {Ftacnik} Nd3 (32... Rb8 33. f4 Nd3 34. Nxc4 Nxf4 35.
Qd2 $16) 33. Qd2 Nc5 34. f3 Nb3 $132) 32... Qxb2 (32... Nd3 $5 {Ftacnik} 33. b3
Nc5 (33... cxb3 $2 34. Rxb3 $18) 34. bxc4 (34. b4 Nxe4 35. Ra3 c3 36. b5 Bxb5
37. Rb3 Rc5) 34... Nxe4 35. Rb3 Qc7 36. Na3 (36. Nb5 Bxb5 37. cxb5 Qxc2 38.
Qxc2 Rxc2 39. b6 Nc5 40. Bxc5 $140 $2 dxc5 41. b7 Rc1+ 42. Kh2 Be5+ 43. g3 Bb8)
36... Bxc4 37. Nxc4 Qxc4 38. Nc6 Nc3 39. Ne7+ Kh7 40. Rxc3 Qxc3 41. Nxc8 Qxc8
$10) 33. Ra3 Qb7 34. Qa1 Bb5 35. Bd2 $1 (35. Ra7 {Ftacnik} Qb8 36. Nb4 c3 $1
$132) 35... c3 $2 (35... Be8 36. Bc3 $14) (35... Nd3 {Ftacnik} 36. Bc3 Qb6 37.
Ne3 (37. Ra7 Be5 38. Ne3 $16) 37... Bd7 38. Ra6 Qc5 39. Ra7 Rc7 40. Ra5 Qb6 41.
Ra8+ $16) 36. Bxc3 (36. Rxc3 {Ftacnik} Bd3 37. Qe1 Rxc3 38. Bxc3 Bxc2 39. Nxc2
Nd3 40. Qf1 Nc5 41. Bxg7 Kxg7 $14) 36... Bd3 37. Nc6 $1 (37. Nb4 Bxe4 (37...
Nc4 38. Ra7 Qb6 39. Ra6) 38. Ndc6 Re8 39. Nxe5 Bxe5 40. Bxe5 dxe5) (37. f3 {
Ftacnik} Bxc2 38. Nxc2 Qc7 39. Kh1 $1 (39. Nd4 Nxf3+ $1 40. gxf3 Qxc3 41. Rxc3
Bxd4+ 42. Kg2 Rxc3 $10) 39... Qc4 (39... Nxf3 $2 40. Bxg7 Qxc2 41. Rxf3 Qc1+
42. Kh2 $18) (39... Nc4 40. Ra7 Qxa7 41. Qxa7 Bxc3 42. Qb7 $16) 40. Nd4 $16)
37... Nxc6 (37... Bxc2 38. Ra7 Qb3 (38... Qxa7 {Ftacnik} 39. Qxa7 (39. Nxa7
Nf3+ 40. gxf3 Rxc3 41. Qa6 $16) 39... Nxc6 40. Qb7 Na7 41. Bxg7 Kxg7 42. Qxa7
$16) (38... Qb1+ 39. Qxb1 Bxb1 40. Ne7+ $18) 39. Ne7+ Kh7 40. Nxc8 Nf3+ 41.
gxf3 Bxc3 42. Qa2 $18) 38. dxc6 (38. Bxg7 Bxc2 39. dxc6 (39. Qf6 Qe7 40. dxc6
Qxf6 41. Bxf6 Bxe4 42. c7 Rxc7 43. Re3 d5) 39... Qb1+ 40. Qxb1 Bxb1 41. Bf6 (
41. Bxh6 {Ftacnik} Bxe4 $10) 41... Bxe4 42. c7 Rxc7 43. Re3 Bc6) 38... Qxc6 (
38... Rxc6 $2 {Ftacnik} 39. Bxg7 Bxc2 40. Ra8+ Rc8 41. Rxc8+ Qxc8 42. Bxh6 $18)
39. Bxg7 (39. Nb4 Qxc3 $1 (39... Bxc3 $2 40. Nxc6 Bxa1 41. Ne7+ $18) 40. Rxc3
Bxc3 41. Qd1 (41. Qc1 $2 Bxe4 42. Na2 d5 43. Nxc3 d4 44. Qf4 dxc3) 41... Bxe4
42. Nd5 Bxd5 $10) 39... Qxc2 40. Kh2 $2 (40. Bxh6 $1 Qb1+ 41. Qxb1 Bxb1 42. f3
$16 f5) (40. Qf6 $2 {Ftacnik} Qc1+ 41. Kh2 Qxa3 42. Bxh6 Qc3 $19) 40... Kh7 $1
(40... Qc1 $4 41. Rxd3 Qf4+ 42. Rg3 h5 43. Qf6 $18) 41. Ra2 $6 (41. Ra7 Qxf2) (
41. Rc3 Rxc3 42. Qxc3 Qxf2 43. Bh8 f6 (43... Qf4+ 44. Kg1 f6 45. Qxf6 Qxf6 $10)
44. Qxf6) (41. Qf6 Bc4 (41... Rg8 42. Bxh6 {Kasparov} (42. Bh8 {Fritzy baby}
Qc7 (42... Qc4 43. Ra7 Bxe4 44. Rxf7+ Qxf7 45. Qxf7+ Kxh8 46. Qf4 $18) 43. Ra8
d5+ 44. e5) 42... Kxh6 43. Qxf7 Rg7 (43... Qc4 44. Qf4+) (43... Bc4 44. Qf4+
Kh7 45. Ra7+ Rg7 46. Qh4+ Kg8 47. Ra8+ Kf7 48. Qd8 $18) 44. Qf4+) 42. Ra5 {
Fritz3} (42. Rg3 Qxe4 (42... Rg8 43. Bxh6 Kxh6 44. Rg4 $16) 43. Rg4 Qe5+ 44.
Qxe5 dxe5 45. Bxe5 $10) 42... Qd2 $1 (42... Rg8 $4 43. Rh5 Rxg7 44. Rxh6+ $18)
(42... Qxe4 $4 43. Rh5 Kg8 44. Rxh6 (44. Bxh6 $18) 44... Qe5+ 45. Qxe5 dxe5 46.
Bf6 $18) 43. Rh5 $3 gxh5 44. f4 Qxf4+ $1 45. Qxf4 Kxg7 46. e5 (46. Qxd6 Be6 $10
) 46... dxe5 47. Qxe5+ Kg6 $10) (41. f3 {Ftacnik} Qd2 $132) 41... Qc1 42. Qxc1
(42. Qf6 {Ftacnik} Rg8 43. Bh8 Bc4 44. Ra8 Qg5 45. Qc3 $2 (45. Qxg5 hxg5 $10)
45... Bf1 $1 46. g3 Qh5 47. g4 Qh4 48. Kg1 Bxh3) 42... Rxc1 43. Bf8 (43. Bf8 {
Ftacnik} Bxe4 44. Bxd6) 1/2-1/2

[Event "PCA-Wch Candidates final"]
[Site "Las Palmas"]
[Date "1995.??.??"]
[Round "8"]
[White "Kamsky, Gata"]
[Black "Anand, Viswanathan"]
[Result "1/2-1/2"]
[WhiteElo "2710"]
[BlackElo "2715"]
[Annotator "Anand,V"]
[PlyCount "120"]
[EventDate "1995.03.??"]
[EventType "match"]
[EventRounds "11"]
[EventCountry "ESP"]
[SourceTitle "CBM 046"]
[Source "ChessBase"]
[SourceDate "1995.06.01"]
[SourceVersion "1"]
[SourceVersionDate "1995.06.01"]
[SourceQuality "1"]

1. d4 {Ftacnik} Nf6 2. Nf3 g6 3. Bg5 Bg7 4. c3 d5 5. Nbd2 O-O 6. e3 c6 7. Be2
Bg4 (7... Qb6 {Ftacnik} 8. Qc1 (8. b4 Re8 9. O-O Nbd7 10. Qb3 e5 11. Rfc1 h6
12. Bh4 e4 13. Ne1 Nf8 14. c4 Be6 15. c5 Qc7 16. b5 N8d7 17. Rab1 a6 18. bxc6
bxc6 19. Bg3 Qa5 20. Qc3 Qxc3 21. Rxc3 Nb8 22. Rcb3 Nfd7 23. Rb7 Rc8 24. Rc7
$16 {Miles,A-Balenovic,Z/Biel op (01)/1994/1-0 (37)}) 8... Bg4 9. h3 Bxf3 10.
Nxf3 Nbd7 11. Qc2 Rfe8 12. O-O e5 13. dxe5 Nxe5 14. Nxe5 Rxe5 15. Bf4 Ree8 16.
Rfd1 Ne4 17. Bf3 Re7 18. a4 a5 19. Ra3 Rae8 20. Rb3 Qa6 21. Be2 Qa7 22. Bf3 Qa6
{Svidler,P-Anapolsky,S/URS-chJ Jurmala/1992/0.5 (23)}) (7... Bf5 {Ftacnik} 8.
O-O Qb6 9. b4 a5 10. a3 Nbd7 11. Qb3 Qa7 12. Qb2 Rfe8 13. Rfd1 e5 14. Bh4 Ne4
15. Nxe4 Bxe4 16. bxa5 Rab8 17. Qb4 Bf8 18. Qb3 Qxa5 19. Nxe5 Nxe5 20. dxe5 b5
21. Bf6 Ra8 22. Bg4 Qa7 23. Re1 h5 24. Bh3 {Miles,A-Becerra Rivero,J/
Capablanca mem-A (09)/1994/1-0 (48)}) 8. O-O Nbd7 9. b4 $146 (9. h3 {Ftacnik}
Bxf3 10. Nxf3 Re8 11. Qb3 Qb6 12. Bd3 e5 13. dxe5 Nxe5 14. Nxe5 Rxe5 15. Bxf6
Bxf6 16. Qxb6 axb6 17. a3 Bg7 {Koepf,U-Stock,C/Munich op9192 (06)/1992/0.5 (17)
}) 9... a5 (9... Re8 {Ftacnik} 10. h3 Bxf3 11. Bxf3 e5 12. a4 Qc7 13. Qc2 b6
14. Rfc1 c5 15. Qb2 e4 16. Be2 c4 $10 {Bree,T-Wierzbicki,J/Dortmund op/1993/0.
5 (25)}) 10. b5 (10. a4 {Ftacnik} Re8) 10... a4 (10... Re8 $5 {Ftacnik} 11. a4
Bxf3 12. Bxf3 e5) 11. Rc1 Re8 12. c4 Qa5 13. h3 (13. cxd5 {Ftacnik} cxd5 14.
Qc2 Rec8 (14... Bxf3 15. Nxf3 Ne4 16. Qc7 Ndf6 17. Qxb7 Nxg5 18. Nxg5 Qd2 19.
Bf3 Rab8 $13) 15. Qxc8+ Rxc8 16. Rxc8+ Nf8 $13) 13... Bxf3 14. Bxf3 (14. Nxf3 {
Ftacnik} Ne4) 14... e6 (14... e5 15. dxe5 Nxe5 16. Bxf6 Bxf6 17. cxd5 cxd5 18.
Bxd5 Qxb5 19. Ne4 $14 (19. e4 $14)) 15. bxc6 bxc6 16. Qc2 (16. c5 {Ftacnik}
Rab8 17. Qc2 e5 $10) 16... Bf8 (16... e5 $5 17. cxd5 (17. dxe5 Nxe5 18. Be2)
17... cxd5 18. Bxf6 Nxf6 (18... Bxf6 $2 19. Qc6 $16)) 17. Rfd1 (17. c5 {Ftacnik
} e5 $132) 17... Rab8 18. Bf4 Rbc8 19. cxd5 exd5 (19... cxd5 {Ftacnik} 20. Qxc8
Rxc8 21. Rxc8 Kg7 22. Nf1 $14) 20. e4 dxe4 (20... Ba3 $2 21. e5 $1 (21. Rb1 {
Ftacnik /\ e5}) 21... Bxc1 22. Rxc1 Ne4 23. Bxe4 dxe4 24. Nxe4 $18) 21. Nxe4
Nxe4 22. Bxe4 Ba3 23. Rb1 Nf6 (23... Qa6 {Ftacnik} 24. Bd3 Qa8 25. Qc4 c5 26.
d5 Bb4 27. Qa6 $16) 24. Bxc6 Qa6 25. Bb5 (25. Qd3 $2 Re1+ $1 {Fritz3}) (25. d5
{Ftacnik} Nxd5 26. Rxd5 Rxc6) (25. Qc3 {Ftacnik} Bf8 26. Rbc1 Re6 27. d5 Nxd5
28. Rxd5 Rexc6 $15) 25... Rxc2 (25... Qxb5 $2 {Ftacnik} 26. Qxc8 Qxb1 27. Qxe8+
Nxe8 28. Rxb1 $18) 26. Bxa6 Nd5 (26... Rxa2 {Ftacnik} 27. Ra1 Rxa1 28. Rxa1 Bb2
29. Rxa4 $16) 27. Bd2 Rd8 (27... Rxa2 $2 {Ftacnik} 28. Bc4) 28. Bg5 (28. Bb5 {
Ftacnik} Rxd2 $1 29. Rxd2 Nc3 30. Bd3 Nxb1 31. Bxb1 Bc5 32. d5 Rb8 $10) 28...
Be7 29. Bxe7 (29. Rd2 Rc1+ $3 30. Rxc1 Bxg5 $10 31. Rdc2 (31. Rcd1 Nc3) 31...
Bxc1 32. Rxc1 Nb4 $10) 29... Nxe7 30. a3 (30. Rb7 {Ftacnik} Nf5 31. Bd3 Rxa2
32. Bc4 Rxd4 33. Rxd4 Ra1+ 34. Kh2 Nxd4 35. Rxf7 Kh8 $10) 30... Rc3 31. Ra1 Rd5
32. Bb7 (32. Be2 {Ftacnik} Nf5 $10) 32... Rd7 33. Bf3 Nf5 34. d5 h5 35. Rd2 Nd6
36. Rd4 (36. Bd1 {Ftacnik} Ra7 (36... Rc4 37. Rb1) 37. Rd4 Nb5 (37... Nc4 38.
Rb1 Nxa3 39. Rb8+ Kg7 40. d6) 38. Rxa4 Rxa4 39. Bxa4 Rxa3 40. Rxa3 Nxa3 41. d6
Kf8 42. Bb3 f6 43. h4 Nb5 44. d7 Ke7 45. Bf7 g5 46. g3 gxh4 47. gxh4 Kxd7 48.
Bxh5 Ke7 $10) 36... Rc4 37. Rad1 (37. Rxc4 {Ftacnik} Nxc4 38. Rc1 Nxa3 39. Rc8+
Kg7 40. Ra8 Nc4 41. Rxa4 Nd2 $10) 37... Rdc7 38. Be2 Rc2 39. Bf1 (39. R1d2 {
Ftacnik} Rxd2 40. Rxd2 Rc3 41. Rd3 Rc1+ 42. Bd1 Kf8 $14) 39... Ra7 40. R1d2 Rc1
41. Rd1 Rc3 42. Ra1 (42. R4d3 {Ftacnik} Rb3 $5) 42... Kg7 43. g3 Ra5 44. Be2
Nf5 45. Rd2 Nd6 46. Kg2 Kf6 47. Bf3 Rac5 48. Rb2 (48. Bd1 {Ftacnik} Ra5 (48...
Nc4 49. Rd4 Ke5 50. Rf4 f5 51. Bxa4 Rxa3 (51... Rxd5 52. Rxc4 $1 Rxc4 53. Bb3
Rcc5 54. Bxd5 Kxd5 55. a4 Ra5 56. Kf3 $16) 52. Rxa3 Nxa3 53. Bb3 Nb5 $14) 49.
Rd4 Nb5 50. Rxa4 Rxa4 51. Bxa4 Rxa3 $10) 48... Rb5 49. Rxb5 (49. Rd2 {Ftacnik}
Rbb3) 49... Nxb5 50. Bd1 Rxa3 51. Rxa3 Nxa3 52. Bxa4 Nc4 $10 (52... Ke5 {
Ftacnik} 53. Be8) 53. Bb3 (53. Kf3 {Ftacnik} Nb6 54. Bb3 Nc8 $10) 53... Nd6 54.
f4 $2 {Gives away any lingering hopes.} (54. h4 $142 {/\ f3, g4 but it should
be drawn anyway.}) (54. Kf3 {Ftacnik} Ke5 55. Ke3 Nf5+ 56. Kd3 g5 57. Bd1 Kxd5
58. Bxh5 f6 $14) 54... Nf5 55. Kf2 Ke7 56. g4 (56. Bc2 {Ftacnik} Kd6 57. Ba4
Ke7 $10) 56... hxg4 57. hxg4 Nd6 58. Ke3 Ne8 59. Kd4 Nd6 60. Bc4 (60. Ba4 {
Ftacnik} Nc8 {1/2-1/2 Kamsky,G-Anand,V (08)/PCA-WchQual Las Palmas ;CBM 46 1995
} (60... Nc8 {Ftacnik} 61. Kc5 Nd6 62. Kc6 Ne4 $10)) 60... Nc8 1/2-1/2